| 000 | 00556nam a2200181 i 4500 | ||
|---|---|---|---|
| 001 | 128830 | ||
| 003 | ES-MaACL | ||
| 007 | t| | ||
| 008 | 070528s1982 sp ||||1| spa d | ||
| 080 | _a947(084) | ||
| 080 | _a957(084) | ||
| 100 | 1 |
_aTarnovski, Konstantín. _9109307 |
|
| 245 | 1 | 0 |
_aHistoria ilustrada de la URSS _b: ensayo / _cKonstantín Tarnovski. |
| 260 |
_a[Moscú] : _bAgencia de Prensa Nóvosti, _c1982. |
||
| 300 |
_a175 p. : _bil. ; _c19 cm. |
||
| 651 | 4 |
_aURSS- _xHistoria- _vObras ilustradas. _99475 |
|
| 852 |
_aES-MaACL _jL-6268 _bR.106865 |
||
| 999 |
_c128830 _d128830 |
||